Kinh nghiệm phát triển doanh nghiệp vừa và nhỏ cuả Nhật Bản /

Wedi'i Gadw mewn:
Manylion Llyfryddiaeth
Prif Awdur: Nguyễn Thị Thu Băng.
Fformat: Erthygl
Iaith:Vietnamese
Pynciau:
Tagiau: Ychwanegu Tag
Dim Tagiau, Byddwch y cyntaf i dagio'r cofnod hwn!
Thư viện lưu trữ: Thư viện Trường Đại học Đà Lạt
LEADER 00814nam a2200265 4500
001 DLU090081992
005 ##20090914
040 # # |a DLU  |b vie 
041 # # |a vie 
044 # # |a vn 
100 # # |a Nguyễn Thị Thu Băng. 
245 # # |a Kinh nghiệm phát triển doanh nghiệp vừa và nhỏ cuả Nhật Bản /  |c Nguyễn Thị Thu Băng. 
653 # # |a Doanh nghiệp vừa 
653 # # |a Quản lí doanh nghiệp 
653 # # |a Quản lí kinh tế 
773 # # |t Nghiên cứu Đông Bắc Á  |g Số 6(100),2009, tr. 27-32 
920 # # |a Phòng Tạp chí -- Trung tâm Thông tin - Thư viện Trường Đại học Đà Lạt 
994 # # |a DLU 
900 # # |a True 
911 # # |a Nguyễn Thị Linh Chi 
925 # # |a G 
926 # # |a A 
927 # # |a BB 
980 # # |a Thư viện Trường Đại học Đà Lạt